| 000 | 00375cam a2200157ua 4500 | ||
|---|---|---|---|
| 041 |
_amal _h |
||
| 082 |
_a894.8121 _bANU/SR |
||
| 100 | _aAnujan, O M . | ||
| 245 |
_aSrushti / _cO M Anujan. _hTextual Documents |
||
| 250 |
_a1 / _b. |
||
| 260 |
_aTrichur : _bBharathiya sahitya samithi , _c1968. |
||
| 300 | _a48 ; . | ||
| 504 | _a | ||
| 942 | _cBK | ||
| 999 |
_c11577 _d11577 |
||